[Event "Wch Seniors 65 28th"]
[Site "Bled"]
[Date "2018.11.28"]
[Round "10"]
[White "Bobbia, Mario"]
[Black "Vlajkov, Milenko"]
[Result "0-1"]
[WhiteElo "1790"]
[BlackElo "1530"]
[PlyCount "94"]
[EventDate "2018.11.18"]
[EventType "swiss"]
[EventRounds "11"]
[EventCountry "SLO"]
[SourceTitle "CBM 187 Extra"]
[Source "ChessBase"]
[SourceDate "2018.11.04"]
[SourceVersion "1"]
[SourceVersionDate "2018.11.04"]
[SourceQuality "1"]

1. e4 e5 2. Nf3 d6 3. d4 exd4 4. Nxd4 Bd7 5. Nc3 Nf6 6. Be2 Nc6 7. Nxc6 Bxc6 8. Bf3 Be7 9. 0-0 0-0 10. Nd5 Nxd5 11. exd5 Bb5 12. Re1 Bf6 13. c3 Re8 14. Bf4 Be5 15. Qd2 Qf6 16. Bg5 Qf5 17. h3 h6 18. Be3 Qg6 19. Be2 Bd7 20. Bd3 Bf5 21. Bxf5 Qxf5 22. f4 Bf6 23. g4 Qe4 24. Bf2 Qf3 25. Kh2 g5 26. Bg3 Re4 27. Rxe4 Qxe4 28. Re1 Qc4 29. a3 Kg7 30. Re2 c6 31. dxc6 bxc6 32. Qe3 Rd8 33. f5 Rd7 34. Qe8 Rd8 35. Qe4 Qxe4 36. Rxe4 d5 37. Re2 c5 38. Kg2 d4 39. cxd4 cxd4 40. Be5 d3 41. Bxf6+ Kxf6 42. Rd2 Ke5 43. Kf3 Kd4 44. Kf2 Re8 45. Kf3 Re3+ 46. Kg2 Ke4 47. Rf2 Re2 0-1

[Event "Wch Seniors 65 28th"]
[Site "Bled"]
[Date "2018.11.19"]
[Round "2"]
[White "Bobbia, Mario"]
[Black "Svensson, Soren"]
[Result "1/2-1/2"]
[WhiteElo "1790"]
[BlackElo "1987"]
[PlyCount "82"]
[EventDate "2018.11.18"]
[EventType "swiss"]
[EventRounds "11"]
[EventCountry "SLO"]
[SourceTitle "CBM 187 Extra"]
[Source "ChessBase"]
[SourceDate "2018.11.04"]
[SourceVersion "1"]
[SourceVersionDate "2018.11.04"]
[SourceQuality "1"]

1. e4 e5 2. Nf3 Nc6 3. Bb5 a6 4. Ba4 Nf6 5. 0-0 Be7 6. Re1 b5 7. Bb3 d6 8. c3 0-0 9. h3 Bb7 10. d4 Re8 11. Nbd2 Bf8 12. Bc2 g6 13. d5 Nb8 14. b3 c6 15. c4 Nbd7 16. Nf1 Qc7 17. Be3 b4 18. Rc1 Rac8 19. Qd2 a5 20. Ng3 c5 21. Bh6 Kh8 22. Nh2 Bxh6 23. Qxh6 Qd8 24. Qg5 Ng8 25. Qxd8 Rcxd8 26. Rf1 Bc8 27. f4 f6 28. f5 Kg7 29. Ne2 g5 30. g4 Nb6 31. Nf3 Bd7 32. a3 Ra8 33. axb4 axb4 34. Ra1 Rxa1 35. Rxa1 Ra8 36. Rxa8 Nxa8 37. Kg2 Be8 38. Ng3 Nb6 39. Nd2 Nd7 40. Ndf1 Nf8 41. Bd1 Bf7 1/2-1/2

[Event "Wch Seniors 65 28th"]
[Site "Bled"]
[Date "2018.11.18"]
[Round "1"]
[White "Malmdin, Nils Ake"]
[Black "Bobbia, Mario"]
[Result "1-0"]
[WhiteElo "2126"]
[BlackElo "1790"]
[PlyCount "31"]
[EventDate "2018.11.18"]
[EventType "swiss"]
[EventRounds "11"]
[EventCountry "SLO"]
[SourceTitle "CBM 187 Extra"]
[Source "ChessBase"]
[SourceDate "2018.11.04"]
[SourceVersion "1"]
[SourceVersionDate "2018.11.04"]
[SourceQuality "1"]

1. e4 c5 2. Nc3 e6 3. f4 g6 4. Nf3 Nc6 5. d4 cxd4 6. Nxd4 Bg7 7. Ndb5 Nge7 8. Nd6+ Kf8 9. Bd3 Bxc3+ 10. bxc3 Qa5 11. Qd2 Qc5 12. Be2 f5 13. Bb2 fxe4 14. c4 Rg8 15. Nxe4 Nf5 16. Nxc5 1-0

[Event "Wch Seniors 65 26th"]
[Site "Marianske Lazne"]
[Date "2016.11.28"]
[Round "9"]
[White "Bobbia, Mario"]
[Black "Brhlik, Antonin"]
[Result "0-1"]
[WhiteElo "1850"]
[BlackElo "1732"]
[PlyCount "50"]
[EventDate "2016.11.19"]
[EventType "swiss"]
[EventRounds "11"]
[EventCountry "CZE"]
[SourceTitle "CBM 175 Extra"]
[Source "ChessBase"]
[SourceDate "2016.12.12"]
[SourceVersion "1"]
[SourceVersionDate "2016.12.12"]
[SourceQuality "1"]

1. e4 c5 2. Nf3 Nc6 3. d4 cxd4 4. Nxd4 Nf6 5. Nc3 e5 6. Ndb5 d6 7. Bg5 a6 8. Na3 b5 9. Nd5 Be7 10. Bxf6 Bxf6 11. Nxf6+ Qxf6 12. Qd5 Bb7 13. 0-0-0 0-0 14. Qd2 Rfd8 15. f3 Rac8 16. Kb1 Qe6 17. Bd3 Ne7 18. Rhe1 d5 19. exd5 Bxd5 20. Ka1 Nc6 21. Qg5 g6 22. Be4 Bxe4 23. fxe4 b4 24. Nb1 Nd4 25. Rd2 f6 0-1

[Event "Wch Seniors 65 26th"]
[Site "Marianske Lazne"]
[Date "2016.11.24"]
[Round "6"]
[White "Kummer, Heinz"]
[Black "Bobbia, Mario"]
[Result "1/2-1/2"]
[WhiteElo "1702"]
[BlackElo "1850"]
[PlyCount "39"]
[EventDate "2016.11.19"]
[EventType "swiss"]
[EventRounds "11"]
[EventCountry "CZE"]
[SourceTitle "CBM 175 Extra"]
[Source "ChessBase"]
[SourceDate "2016.12.12"]
[SourceVersion "1"]
[SourceVersionDate "2016.12.12"]
[SourceQuality "1"]

1. e4 c5 2. Nf3 e6 3. d4 cxd4 4. Nxd4 a6 5. Be2 Nf6 6. Nc3 Qc7 7. 0-0 Nc6 8. Kh1 Bb4 9. Nxc6 Qxc6 10. f3 0-0 11. Bd2 Ba5 12. Qe1 Bc7 13. Rd1 d5 14. Bg5 Be5 15. Bxf6 Bxf6 16. exd5 exd5 17. Nxd5 Bf5 18. Nxf6+ Qxf6 19. c3 Rfd8 20. Qf2 1/2-1/2

[Event "Wch Seniors 65 26th"]
[Site "Marianske Lazne"]
[Date "2016.11.21"]
[Round "3"]
[White "Bobbia, Mario"]
[Black "Bakalar, Jan"]
[Result "1/2-1/2"]
[WhiteElo "1850"]
[BlackElo "2033"]
[PlyCount "21"]
[EventDate "2016.11.19"]
[EventType "swiss"]
[EventRounds "11"]
[EventCountry "CZE"]
[SourceTitle "CBM 175 Extra"]
[Source "ChessBase"]
[SourceDate "2016.12.12"]
[SourceVersion "1"]
[SourceVersionDate "2016.12.12"]
[SourceQuality "1"]

1. e4 c5 2. Nf3 a6 3. d4 cxd4 4. Nxd4 Nf6 5. Bd3 e5 6. Nb3 d5 7. exd5 Qxd5 8. 0-0 Be6 9. Nc3 Qd7 10. Ne4 Nxe4 11. Bxe4 1/2-1/2

[Event "Wch Seniors 65 26th"]
[Site "Marianske Lazne"]
[Date "2016.11.19"]
[Round "1"]
[White "Bobbia, Mario"]
[Black "Friedman, Josef"]
[Result "1/2-1/2"]
[WhiteElo "1850"]
[BlackElo "2187"]
[PlyCount "91"]
[EventDate "2016.11.19"]
[EventType "swiss"]
[EventRounds "11"]
[EventCountry "CZE"]
[SourceTitle "CBM 175 Extra"]
[Source "ChessBase"]
[SourceDate "2016.12.12"]
[SourceVersion "1"]
[SourceVersionDate "2016.12.12"]
[SourceQuality "1"]

1. e4 c5 2. Nf3 Nc6 3. d4 cxd4 4. Nxd4 e6 5. Nb5 d6 6. c4 a6 7. N5c3 Nf6 8. Be3 Be7 9. Be2 0-0 10. 0-0 b6 11. Nd2 Bb7 12. Rc1 Ne5 13. f4 Ned7 14. Bf3 Rb8 15. Qe2 b5 16. cxb5 axb5 17. Qxb5 Bxe4 18. Qe2 Bb7 19. Bxb7 Rxb7 20. Nf3 Qa8 21. Bd4 Rfb8 22. b3 Qa5 23. Qd2 Qh5 24. Rfe1 Bf8 25. h3 Rc7 26. Ne4 Rxc1 27. Nxf6+ Nxf6 28. Rxc1 Nd5 29. Bf2 Qf5 30. Rc4 h5 31. Nh4 Qb1+ 32. Rc1 Qe4 33. Rc4 Qb1+ 34. Rc1 Qh7 35. Nf3 Be7 36. Nd4 Bf6 37. Nc6 Re8 38. Bd4 Qf5 39. Bxf6 gxf6 40. Rc4 Kh8 41. Nb4 Nxb4 42. Rxb4 Qc5+ 43. Qd4 Rc8 44. Qxc5 Rxc5 45. Rc4 Rb5 46. Kf2 1/2-1/2